| 000 | 00671nam a2200205 i 4500 | ||
|---|---|---|---|
| 001 | 52166 | ||
| 003 | ES-MaACL | ||
| 005 | 20251014063117.0 | ||
| 007 | t| | ||
| 008 | 030826s1958 sp ||||1| spa d | ||
| 100 | 1 |
_aChristie, Agatha, _d1890-1976 _938657 |
|
| 245 | 1 | 0 |
_aCinco cerditos / _cAgatha Christie ; [traducción de G. López Hipkiss]. |
| 260 |
_a[Barcelona : _bMolino, _c1958] ( _fA.G. Ponsa) |
||
| 300 |
_a245 p. ; _c17 cm. |
||
| 490 | 1 | _aSelecciones Biblioteca Oro | |
| 700 | 1 |
_aLópez Hipkiss, Guillermo, _d1902-1957 _973700 |
|
| 830 | 0 |
_aSelecciones Biblioteca Oro _9182380 |
|
| 852 |
_aES-MaACL _jC-14746 _bR.42584 |
||
| 999 |
_c52166 _d52166 |
||